The Rise and Fall of T.D.Lysenko

Guardat en:
Dades bibliogràfiques
Autor principal: Lerner, L. Michael
Format: Llibre
Idioma:Undetermined
Publicat: New York Columbia University Press 1969
Matèries:
Etiquetes: Afegir etiqueta
Sense etiquetes, Sigues el primer a etiquetar aquest registre!
Thư viện lưu trữ: Trung tâm Học liệu Trường Đại học Cần Thơ
LEADER 00523nam a2200193Ia 4500
001 CTU_80035
008 210402s9999 xx 000 0 und d
082 |a 630.92 
082 |b L614 
100 |a Lerner, L. Michael 
245 4 |a The Rise and Fall of T.D.Lysenko 
245 0 |c L. Michael Lerner 
260 |a New York 
260 |b Columbia University Press 
260 |c 1969 
650 |a Agricuturists 
650 |z Soviet union 
904 |i Trọng Hải 
980 |a Trung tâm Học liệu Trường Đại học Cần Thơ